<?xml version="1.0" encoding="UTF-8"?>
<record
    xmlns:xsi="http://www.w3.org/2001/XMLSchema-instance"
    xsi:schemaLocation="http://www.loc.gov/MARC21/slim http://www.loc.gov/standards/marcxml/schema/MARC21slim.xsd"
    xmlns="http://www.loc.gov/MARC21/slim">

  <leader>01437nam0a2200361 i 4500</leader>
  <controlfield tag="001">RU\NLR\BIBL_A\010774358</controlfield>
  <controlfield tag="005">20260409071107.0</controlfield>
  <datafield tag="010" ind1=" " ind2=" ">
    <subfield code="a">9785990629707</subfield>
    <subfield code="9">1500</subfield>
  </datafield>
  <datafield tag="021" ind1=" " ind2=" ">
    <subfield code="a">RU</subfield>
    <subfield code="b">2015-30662</subfield>
    <subfield code="9">1822</subfield>
  </datafield>
  <datafield tag="035" ind1=" " ind2=" ">
    <subfield code="a">(NILC)RuMoRGB-007917719</subfield>
  </datafield>
  <datafield tag="035" ind1=" " ind2=" ">
    <subfield code="a">(NLR Aleph) 010774358</subfield>
  </datafield>
  <datafield tag="090" ind1=" " ind2=" ">
    <subfield code="a">10035772</subfield>
    <subfield code="c">10035772</subfield>
  </datafield>
  <datafield tag="100" ind1=" " ind2=" ">
    <subfield code="a">20150602d2015    um y0rusy50      ca</subfield>
  </datafield>
  <datafield tag="101" ind1="0" ind2=" ">
    <subfield code="a">rus</subfield>
    <subfield code="a">ben</subfield>
  </datafield>
  <datafield tag="102" ind1=" " ind2=" ">
    <subfield code="a">RU</subfield>
  </datafield>
  <datafield tag="105" ind1=" " ind2=" ">
    <subfield code="a">c   z   000gy</subfield>
  </datafield>
  <datafield tag="200" ind1="1" ind2=" ">
    <subfield code="a">&#x428;&#x430;&#x440;&#x430;&#x43D;&#x430;&#x433;&#x430;&#x442;&#x438;</subfield>
    <subfield code="e">[&#x441;&#x431;&#x43E;&#x440;&#x43D;&#x438;&#x43A; &#x43F;&#x435;&#x441;&#x435;&#x43D;]</subfield>
    <subfield code="f">&#x411;&#x445;&#x430;&#x43A;&#x442;&#x438;&#x432;&#x438;&#x43D;&#x43E;&#x434;&#x430; &#x422;&#x445;&#x430;&#x43A;&#x443;&#x440;</subfield>
    <subfield code="g">[&#x43B;&#x438;&#x442;. &#x43F;&#x435;&#x440;.: &#x411;&#x445;&#x430;&#x43A;&#x442;&#x438; &#x412;&#x438;&#x433;&#x44C;&#x44F;&#x43D;&#x430; &#x413;&#x43E;&#x441;&#x432;&#x430;&#x43C;&#x438;]</subfield>
  </datafield>
  <datafield tag="210" ind1=" " ind2=" ">
    <subfield code="a">&#x41C;&#x43E;&#x441;&#x43A;&#x432;&#x430;</subfield>
    <subfield code="c">&#x413;&#x43E;&#x441;&#x432;&#x430;&#x43C;&#x438; &#x411;&#x443;&#x43A;&#x441;</subfield>
    <subfield code="d">2015</subfield>
  </datafield>
  <datafield tag="215" ind1=" " ind2=" ">
    <subfield code="a">239 &#x441;.</subfield>
    <subfield code="c">&#x43F;&#x43E;&#x440;&#x442;&#x440;.</subfield>
    <subfield code="d">21</subfield>
  </datafield>
  <datafield tag="300" ind1=" " ind2=" ">
    <subfield code="a">&#x422;&#x435;&#x43A;&#x441;&#x442; &#x43F;&#x435;&#x441;&#x435;&#x43D; &#x43F;&#x430;&#x440;&#x430;&#x43B;. &#x43D;&#x430; &#x431;&#x435;&#x43D;&#x433;&#x430;&#x43B;&#x44C;&#x441;&#x43A;&#x43E;&#x43C; &#x438; &#x440;&#x443;&#x441;. &#x44F;&#x437;.</subfield>
  </datafield>
  <datafield tag="600" ind1=" " ind2="1">
    <subfield code="a">&#x422;&#x445;&#x430;&#x43A;&#x443;&#x440;</subfield>
    <subfield code="b">&#x411;.</subfield>
    <subfield code="f">1838 - 1914</subfield>
    <subfield code="g">&#x411;&#x445;&#x430;&#x43A;&#x442;&#x438;&#x432;&#x438;&#x43D;&#x43E;&#x434;&#x430;</subfield>
    <subfield code="9">2222867</subfield>
    <subfield code="3">RU\NLR\AUTH\661334649</subfield>
  </datafield>
  <datafield tag="606" ind1=" " ind2=" ">
    <subfield code="a">&#x41A;&#x440;&#x438;&#x448;&#x43D;&#x430;&#x438;&#x437;&#x43C;</subfield>
    <subfield code="3">RU\NLR\AUTH\66487468</subfield>
    <subfield code="9">1203333</subfield>
  </datafield>
  <datafield tag="610" ind1="0" ind2=" ">
    <subfield code="a">&#x432;&#x430;&#x439;&#x448;&#x43D;&#x430;&#x432;&#x438;&#x437;&#x43C;</subfield>
  </datafield>
  <datafield tag="610" ind1="0" ind2=" ">
    <subfield code="a">&#x432;&#x430;&#x439;&#x448;&#x43D;&#x430;&#x432;&#x44B;</subfield>
  </datafield>
  <datafield tag="686" ind1="2" ind2=" ">
    <subfield code="a">&#x42D;331.8</subfield>
  </datafield>
  <datafield tag="700" ind1=" " ind2="1">
    <subfield code="8">rus</subfield>
    <subfield code="7">ca</subfield>
    <subfield code="a">&#x422;&#x445;&#x430;&#x43A;&#x443;&#x440;</subfield>
    <subfield code="b">&#x411;.</subfield>
    <subfield code="f">1838-1914</subfield>
    <subfield code="g">&#x411;&#x445;&#x430;&#x43A;&#x442;&#x438;&#x432;&#x438;&#x43D;&#x43E;&#x434;&#x430;</subfield>
    <subfield code="3">RU\NLR\AUTH\7711599</subfield>
    <subfield code="9">121341</subfield>
  </datafield>
  <datafield tag="702" ind1=" " ind2="0">
    <subfield code="4">730</subfield>
    <subfield code="7">ca</subfield>
    <subfield code="8">rus</subfield>
    <subfield code="a">&#x411;&#x445;&#x430;&#x43A;&#x442;&#x438; &#x412;&#x438;&#x433;&#x44C;&#x44F;&#x43D;&#x430; &#x413;&#x43E;&#x441;&#x432;&#x430;&#x43C;&#x438;</subfield>
    <subfield code="f">1956-</subfield>
    <subfield code="9">150031</subfield>
    <subfield code="3">RU\NLR\AUTH\770150067</subfield>
  </datafield>
  <datafield tag="801" ind1=" " ind2="0">
    <subfield code="a">RU</subfield>
    <subfield code="b">&#x420;&#x413;&#x411;</subfield>
    <subfield code="c">20150422</subfield>
    <subfield code="g">RCR</subfield>
  </datafield>
  <datafield tag="942" ind1=" " ind2=" ">
    <subfield code="c">BOOK</subfield>
  </datafield>
  <datafield tag="980" ind1=" " ind2=" ">
    <subfield code="a">NBR</subfield>
  </datafield>
</record>
